El mundo en transición : peligro, riesgo y afirmación autónoma del hombre /

La colección Ideas Claras de Ediciones Paulinas busca responder a preguntas que inquietan a la sociedad contemporánea y ofrecer elementos de juicio desde el pensamiento cristiano. En la presente obra se plantean los peligros que atentan contra la personalidad psicológica y moral del hombre, a través...

Description complète

Enregistré dans:
Détails bibliographiques
Auteur principal: Nell-Breuning, Oswald von (autor)
Format: Livre
Langue:espagnol
Publié: Madrid, España : Ediciones Paulinas, 1966, c1966
Collection:(Ideas Claras ; 2)
Sujets:
Tags: Ajouter un tag
Pas de tags, Soyez le premier à ajouter un tag!

MARC

LEADER 00000nam^a2200000^a^4500
001 000182341
005 20250521000000.0
009 20260310102003.897
037 |a Acervo ITESO - Biblioteca 
041 |a ESP 
082 |a 200.  |b IDE V. 2 
100 |a Nell-Breuning, Oswald von  |e (autor) 
245 1 3 |a El mundo en transición :  |b peligro, riesgo y afirmación autónoma del hombre /  |c O. von Nell-Breuning ; dir. de colección de A. Pereira ; tr. por Juan Balnco Catala. 
264 4 |a Madrid, España :  |b Ediciones Paulinas,  |c 1966, c1966 
300 |a 55 p. 
336 |a texto  |b txt  |2 rdacontenido 
337 |a sin mediación  |b n  |2 rdamedio 
338 |a volumen  |b nc  |2 rdasoporte 
440 1 |a (Ideas Claras ;  |v 2) 
500 |a Traducción de: Welt im umbruch 
520 |a La colección Ideas Claras de Ediciones Paulinas busca responder a preguntas que inquietan a la sociedad contemporánea y ofrecer elementos de juicio desde el pensamiento cristiano. En la presente obra se plantean los peligros que atentan contra la personalidad psicológica y moral del hombre, a través de la influencia de la tecnología y de las complejidades que devienen de las relaciones sociales. 
649 |a XX 
650 |a Interacción Social 
650 |a Desarrollo Tecnológico -  |x Aspectos Eticos 
650 |a Tecnología y Sociedad 
650 |a Vida Cristiana 
650 |a Catolicismo 
650 |a Cristianismo 
650 |a Religión 
910 |a Fondo General 
920 |a Impresos - Libros 
930 |a Colección General 
905 |a 101 
901 |a 0500122263  |b IT1  |c ACC  |u 20250521 
902 |a https://opac.biblio.iteso.mx/vufind/Record/000182341